000 00843nam a22001577a 4500
003 OSt
005 20151007155747.0
008 151007b xxu||||| |||| 00| 0 eng d
040 _cRUA
082 _aAVM MEA 1997 B070 Or.1
100 _92301
_aMEAS, SOTHUNVATHANAK.
245 _aThe impact of vaccination program against new castle and fowl cholera in village chicken to reduce mortality in kampong chhnang province, ផលប៉ះពាល់នៃការចាក់វ៉ាក់សាំងការពារជំងឺញៀវកើស​និងអាសន្នរោគ ក្នុងការកាត់បន្ថយអត្រាស្លាប់មាន់ នៅក្នុងខេត្តកំពង់ឆ្នាំង.
260 _aphnom phen
_bRUA
_c1997
300 _a65p.
_bill.
_c29cm.
942 _2ddc
_cAVM
999 _c2169
_d2169